000 00384nam a2200145Ia 4500
008 240624s9999 xx 000 0 und d
041 _aeng
082 _a330 ROY
100 _aROY TIRTHANKAR
245 _aECONOMIC HISTORY OF INDIA 1857 1947
250 _a(3rd ed.)
260 _c2011
_aNew Delhi
_bOxford University Press
300 _axvi, : 348 : p. : cm. ; 24
365 _cRS
_b32
999 _c19049
_d19049